Loading...
| Fine Arts - Other | 0 | 5 | 0 | 0 | 50 | 94 | 122.00 | 3 | 5 | 0.00 | 0.00 |
| Literature - World | 0 | 4 | 0 | 2 | 40 | 123 | 131.50 | 0 | 3 | 0.00 | 0.00 |
| Literature - European | 0 | 4 | 0 | 2 | 40 | 123 | 137.50 | 0 | 2 | 0.00 | 0.00 |
| Literature - British | 0 | 4 | 0 | 0 | 40 | 131 | 138.75 | 0 | 3 | 0.00 | 0.00 |
| Philosophy | 0 | 4 | 1 | 1 | 35 | 133 | 139.25 | 0 | 4 | 0.00 | 0.00 |
| Literature - American | 0 | 4 | 1 | 2 | 35 | 118 | 128.75 | 0 | 3 | 0.00 | 0.00 |
| Pop Culture | 0 | 3 | 0 | 0 | 30 | 24 | 55.33 | 2 | 3 | 0.00 | 0.00 |
| Fine Arts - Painting and Sculpture | 0 | 2 | 1 | 0 | 15 | 107 | 118.50 | 0 | 2 | 0.00 | 0.00 |
| Fine Arts - Classical Music | 0 | 2 | 1 | 1 | 15 | 135 | 136.00 | 0 | 1 | 0.00 | 0.00 |
| Social Science | 0 | 1 | 0 | 1 | 10 | 130 | 130.00 | 0 | 1 | 0.00 | 0.00 |
| History - American | 0 | 1 | 0 | 0 | 10 | 117 | 117.00 | 0 | 1 | 0.00 | 0.00 |
| History - European | 0 | 1 | 0 | 1 | 10 | 127 | 127.00 | 0 | 1 | 0.00 | 0.00 |
| History - World | 0 | 1 | 0 | 1 | 10 | 128 | 128.00 | 0 | 0 | 0.00 | 0.00 |
| Mythology | 0 | 1 | 0 | 0 | 10 | 126 | 126.00 | 0 | 0 | 0.00 | 0.00 |
| Other Academic | 0 | 1 | 0 | 0 | 10 | 112 | 112.00 | 0 | 1 | 0.00 | 0.00 |
| Current Events | 0 | 1 | 0 | 0 | 10 | 78 | 78.00 | 0 | 1 | 0.00 | 0.00 |
| Science - Chemistry | 0 | 0 | 0 | 0 | 0 | 0.00 | 0 | 0 | 0.00 | 0.00 | |
| Religion | 0 | 0 | 1 | 0 | -5 | 0.00 | 0 | 0 | 0.00 | 0.00 |